00890 a2200397 4500000002100000001000700021005001700028008004100045010000500086020000500091082001900096100006600115110000500181245010800186250000500294260004000299300001000339490000700349500000500356600000500361610000500366611000500371630000500376650000500381651000500386654000500391700002400396700002900420710000900449711000500458720000500463730000500468740000500473752000500478856000900483BKB 13595120200902152937.0  a a a309.1544bS13S1 aSocio-economics profile of rural India (series II, Volume II) a1 aSocio-economics profile of rural India (series II, Volume II)cedited by S.C. Patra and Ashish Vachhani a aNew DelhibConcept publishingc2012 a309p. av a a a a a a a a aPatra, S.C. ed.bc aVachhani, Ashish ed.bc abc a a a a a adf